III Seminário Internacional Brasil-Alemanha

Spremljeno u:
Bibliografski detalji
Autor kompanije: Centro de Estudos Judiciários do Conselho da Justica Federal (Autor)
Format: Knjiga
Jezik:portugalski
Izdano: Brasilia Centro de Estudos Judiciários 2013
Izdanje:1a. ed
Serija:Cuadernos de CEJ, 28
Teme:
Oznake: Dodaj oznaku
Bez oznaka, Budi prvi tko označuje ovaj zapis!

MARC

LEADER 00000cam a2200000 a 4500
001 UCE4773
003 CL-VaPUC
008 141113e20131200bl |||||||||||||||||por|d
020 |a 9788582960035 
082 0 4 |a 342.981  |b CEN  |2 21 
110 2 |a Centro de Estudos Judiciários do Conselho da Justica Federal  |e author  |9 577262 
245 1 0 |a III Seminário Internacional Brasil-Alemanha 
250 |a 1a. ed 
300 |a 125 p 
942 |c BK 
945 |d 20141113 14:00:00  |a dcastane 
260 |a Brasilia  |b Centro de Estudos Judiciários  |c 2013 
650 0 |a Derecho público   |9 255910 
650 0 |a Relaciones Internacionales  |9 255740 
650 0 |a Derecho comparado  |9 255664 
583 |a last modification  |c 20141113 14:00:00  |k Rodrigo Vera 
490 0 |a Cuadernos de CEJ, 28 
999 |c 357653  |d 357651 
952 |0 0  |1 0  |3 erb  |4 0  |6 342_981000000000000_CEN_2013  |7 0  |8 A  |9 465681  |a BIBDER  |b BIBDER  |i 5122783  |o 342.981 CEN 2013  |p 5122783  |r 2023-01-25  |w 2019-11-23  |y BK  |z Catalogado en:20141113  |k DER